000 00561nam a2200229Ia 4500
003 OSt
005 20220928141148.0
006 a|||||r|||| 00| 0
007 ta
008 220927b |||||||| |||| 00| 0 eng d
024 _a13990
037 _cTextual
040 _aSDCL
_cSDCL
_beng
041 _2eng
_aeng
082 _aD65,4, L9
100 _aFedida Sam
_9499326
245 0 _aViewdata revolution.
260 _c1979
700 _a Malik Rex
_9499327
942 _hD65,4, L9
_cTEXL
_2CC
999 _c816399
_d816399